| 000 | 01036nam a2200313 a 4500 | ||
|---|---|---|---|
| 001 | 75897 | ||
| 003 | BD-RjUL | ||
| 005 | 20211209082747.0 | ||
| 008 | 190905s1991 ii b 001 0 eng | ||
| 020 |
_z8171003074 : _cRs150.00 |
||
| 025 | _aI E 64577 | ||
| 035 | _a(BD-RjUL)76116 | ||
| 040 |
_aDLC _cDLC _dDLC _dBD-RjUL _beng |
||
| 041 | _aeng | ||
| 043 | _aa-ii--- | ||
| 082 |
_223 _a658.3152 _bBAM 1991 |
||
| 100 | 0 |
_aBadruddin, _d1957- _9232821 |
|
| 245 | 1 | 0 |
_aManagement, workers' participation, and the law / _cBadruddin. |
| 260 |
_aNew Delhi : _bDeep & Deep Publications, _cc1991. |
||
| 300 |
_axi, 180 p. ; _c22 cm. |
||
| 500 | _aStudy, with partial focus on India. | ||
| 500 | _aIncludes index. | ||
| 504 | _aIncludes bibliographical references (p. [168]-177). | ||
| 650 | 0 |
_aIndustrial management _xEmployee participation _zIndia. _9232822 |
|
| 650 | 0 |
_aIndustrial management _xEmployee participation _xLaw and legislation _zIndia. _9232823 |
|
| 942 |
_2ddc _cBK |
||
| 999 |
_c75897 _d75897 |
||